| 000 | 00371nam a22001217a 4500 | ||
|---|---|---|---|
| 008 | 230605b xxu||||| |||| 00| 0 eng d | ||
| 082 |
_a330.96 _bAERC |
||
| 245 |
_aAfrica Economic Research Consortium _bPlenary Session December 2004 and May 2005 _cOlu Ajakaiye |
||
| 260 |
_aUnited Kingdom _bOxford University _c2006 |
||
| 300 | _a462 p | ||
| 440 | _vVolume 15 | ||
| 942 |
_2ddc _cBK |
||
| 999 |
_c342 _d342 |
||